000 00331nam a2200133 i 4500
001 bg
100 1 _aWITENBERG, J. M.
245 0 _aProgrammirowanie analogowych wycislitelnych masin /
_cJ.W. Witenberg.
260 _aMoskwa,
_c1972.
040 _cBPK
041 _apol
942 _cKS
008 s pl f |000 0 pol
999 _c14355
_d14355
856 _uhttp://koha.tu.koszalin.pl/cgi-bin/koha/opac-detail.pl?biblionumber=14355
_yKatalog online BPK